Top 10 najlepszych linii lotniczych na świecie w 2025 roku - Statystyki

Ogólne statystyki
  • Ten quiz został rozwiązany 15 razy
  • Średni wynik to 3 z 10
Statystyki odpowiedzi
Odpowiedź % Poprawnych
Emirates
80%
Qatar Airways
67%
ANA
60%
Turkish Airlines
40%
Singapore Airlines
20%
Air France
13%
Japan Airlines
13%
Korean Air
13%
Cathay Pacific
7%
Hainan Airlines
7%
Nie znaleziono quizów pasujących do podanych kryteriów
Rozkład punktacji
Procent ludzi z każdym wynikiem
Percentyl według liczby udzielonych odpowiedzi
Twoja historia wyników
Nie rozwiązałeś tego quizu